书目信息 |
| 题名: |
职场思维导图
|
|
| 作者: | 巴赞 著 ;姚翠丽 , 鸣时 译 | |
| 分册: | ||
| 出版信息: | 北京 外语教学与研究出版社 2006 |
|
| 页数: | 230页 | |
| 开本: | 23cm | |
| 丛书名: | 思维导图丛书 | |
| 单 册: | ||
| 中图分类: | F270 , B848.4 | |
| 科图分类: | ||
| 主题词: | 思维方法 , 企业管理--思维方法--通俗读物 , 企业管理 , 个性心理学 , 人格心理学 | |
| 电子资源: | ||
| ISBN: | 7-5600-5503-6 | |
| 000 | 01113oam2 2200337 450 | |
| 001 | 1258450683 | |
| 005 | 20120927161633.20 | |
| 010 | @a7-5600-5503-6@dCNY33.90 | |
| 100 | @a20061225d2006 em y0chiy50 ea | |
| 101 | 1 | @achi@ceng |
| 102 | @aCN@b110000 | |
| 105 | @ay z 000yy | |
| 106 | @ar | |
| 200 | 1 | @a职场思维导图@f(英)东尼·博赞(Tony Buzan)著@g姚翠丽,鸣时译@Azhi chang si wei dao tu |
| 210 | @a北京@c外语教学与研究出版社@d2006 | |
| 215 | @a230页@d23cm | |
| 225 | 2 | @a思维导图丛书 |
| 330 | @a本书能帮助你确立并实现你在职场中所有的目标和抱负——而且在职场之外还能给你腾出更多的时间。思维导图是一种能让你充分发挥才能的工具。 | |
| 461 | 0 | @1001002979727 |
| 606 | 0 | @a思维方法 |
| 606 | 0 | @a企业管理@x思维方法@j通俗读物 |
| 606 | 0 | @a企业管理 |
| 606 | 0 | @a个性心理学 |
| 606 | 0 | @a人格心理学 |
| 690 | @aF270@v4 | |
| 690 | @aB848.4@v4 | |
| 701 | 0 | @c(英)@a巴赞@c(Buzan, Tony@f1942~)@4著@Aba zan |
| 702 | 0 | @a姚翠丽@c(英文)@4译@Ayao cui li |
| 702 | 0 | @a鸣时@4译@Aming shi |
| 801 | 0 | @aCN@b大连网信软件有限公司图书馆·11@c20120927 |
| 905 | @a10447@dB848.4@eJY328 | |
| 职场思维导图/(英)东尼·博赞(Tony Buzan)著/姚翠丽,鸣时译.-北京:外语教学与研究出版社,2006 |
| 230页;23cm .-(思维导图丛书 ) |
| ISBN 7-5600-5503-6:CNY33.90 |
| 本书能帮助你确立并实现你在职场中所有的目标和抱负——而且在职场之外还能给你腾出更多的时间。思维导图是一种能让你充分发挥才能的工具。 |
| ● |
| 相关链接 |
|
|
|
|
正题名:职场思维导图
索取号:B848.4/JY328
 
预约/预借
| 序号 | 登录号 | 条形码 | 馆藏地/架位号 | 状态 | 备注 |
| 1 | 7804005 | 278040059 | 学院路分馆/ [索取号:B848.4/JY328] | 在馆 | |
| 2 | 7804006 | 278040068 | 学院路分馆/ [索取号:B848.4/JY328] | 在馆 |